000 01078cam a22002174a 4500
005 20250605163548.0
008 250528s ||||||||||||||||||||||||d
035 _a21810
020 _a9789603447436
040 _aGR-AtMCL
_bgre
_dGR-AtMCL
_eAACR2
245 1 _aΗ ΚΟΙΝΩΝΙΟΛΟΓΙΚΗ ΕΡΕΥΝΑ
250 _a14
260 _bΕλληνικά Γράμματα,
_c2009
300 _a366
505 0 _aΗ ΔΙΑΠΛΟΚΗ ΘΕΩΡΙΑΣ, ΜΕΘΟΔΩΝ ΚΑΙ ΔΕΔΟΜΕΝΩΝ ΘΕΩΡΗΤΙΚΕΣ ΕΝΝΟΙΕΣ, ΜΕΤΑΒΛΗΤΕΣ ΚΑΙ ΜΕΤΡΗΣΗ Η ΔΕΙΓΜΑΤΟΛΗΠΤΙΚΗ ΕΡΕΥΝΑ Η ΑΝΑΖΗΤΗΣΗ ΤΗΣ ΑΙΤΙΩΔΟΥΣ ΣΥΣΧΕΤΙΣΗΣ
520 _aΗ ΔΙΑΠΛΟΚΗ ΘΕΩΡΙΑΣ, ΜΕΘΟΔΩΝ ΚΑΙ ΔΕΔΟΜΕΝΩΝ ΘΕΩΡΗΤΙΚΕΣ ΕΝΝΟΙΕΣ, ΜΕΤΑΒΛΗΤΕΣ ΚΑΙ ΜΕΤΡΗΣΗ Η ΔΕΙΓΜΑΤΟΛΗΠΤΙΚΗ ΕΡΕΥΝΑ Η ΑΝΑΖΗΤΗΣΗ ΤΗΣ ΑΙΤΙΩΔΟΥΣ ΣΥΣΧΕΤΙΣΗΣ
700 1 _aΚυριαζη Νοτα
942 _cBK
999 _c6869
_d6869